| 000 | 00616nam a22001817a 4500 | ||
|---|---|---|---|
| 999 |
_c5246 _d5246 |
||
| 003 | AR-CdUCM | ||
| 008 | 190312b ||||| |||| 00| 0 spa d | ||
| 040 |
_aMUNICIPALIDAD PROVINCIAL DEL CUSCO _cBIBLIOTECA MUNICIPAL DEL CUSCO |
||
| 082 |
_a372.86 / _bG66 |
||
| 100 |
_aGonzales Quispe, Freddy Frank _915892 |
||
| 245 | _aManual terminológico de educación física y deporte / | ||
| 260 |
_aCusco : _bGráfica editorial Aguilar E.I.R.L., _c2013. |
||
| 300 |
_a97 páginas ; _c20 cm. |
||
| 650 |
_aEducación física _913743 |
||
| 650 |
_aTerminología - Deportes _915893 |
||
| 942 |
_2ddc _cLIBROS |
||
| 945 | _alccs | ||